Guess the Scrambled US State/Canada Province - Statistics

General Stats
  • This quiz has been taken 14 times
  • The average score is 11 of 15
Answer Stats
Hint Answer % Correct
Siollini Illinois
100%
Nekutkcy Kentucky
100%
Niscowins Wisconsin
100%
Orfidla Florida
86%
Georgn Oregon
86%
Orcolaod Colorado
79%
Tomaiban Manitoba
79%
Wne Shapmiehr New Hampshire
79%
Batlera Alberta
71%
Chiming Michigan
71%
Wanskatchas Saskatchewan
71%
Hamokal Oklahoma
64%
Voan Toscai Nova Scotia
57%
Kyonu Yukon
57%
Unvutan Nunuvut
14%
No matching quizzes found
Score Distribution
Percent of People with Each Score
Percentile by Number Answered
Your Score History
You have not taken this quiz